Geografía de europa y oceanía; edición actualizada /

Guardado en:
Autor Principal: Quarleri, Paulina
Formato: Libro
Publicado: Buenos Aires : Kapelusz, 1992
Etiquetas: Agregar Etiqueta
Sin Etiquetas, Sea el primero en etiquetar este registro!
LEADER 00424nam a22001455a 4500
001 CEM.cems007417
005 20060214000000.0
008 130507s1992##################000#0#####d
003 CEMS
082 0 4 |a 914 
100 1 |a Quarleri, Paulina 
245 1 0 |a Geografía de europa y oceanía; edición actualizada / 
260 |a Buenos Aires :  |b Kapelusz,  |c 1992 
300 |a 310 p.1 
859 |a CEMS  |b BIB. CEMS - 11 de abril  |h 914  |i Q27-1  |p 17343.93  |t Ej.1